| 000 | 005200000a22001690004500 | ||
|---|---|---|---|
| 003 | MACL | ||
| 005 | 20160214130051.0 | ||
| 008 | 160214b xxu||||| |||| 00| 0 eng d | ||
| 040 |
_aMACL _cMACL |
||
| 041 | _aHindi | ||
| 082 | _a331 | ||
| 100 |
_aसक्सेना शंकरसहाय _938382 |
||
| 245 | _aभाारतीय मजदूर | ||
| 260 |
_bनवयुग साहित्य सदन _c1948 _aइन्दौर |
||
| 650 |
_aLabour Economics _92398 |
||
| 942 |
_cHIN _k331 _2ddc |
||
| 999 |
_c24535 _d24535 |
||